000 00460nam a2200181Ia 4500
001 17783
005 20260306171542.0
008 260306s9999||||xx |||||||||||||| ||und||
041 _aESP
082 _a658.16
_bB24
100 _aBarner, Jay B.
_eAUT
245 4 _aThe management of organizations:
_bstrategy, structure, behavior
260 _c1992
300 _a820 páginas :I-22
_c26 cm.
650 _aGEN
654 _aCAN
942 _cLIB
_dJUS
_fJUS
_2ddc
_n
999 _c17783
_d17783